ნორმალური ფორმატი
MARC ფორმატი
ჩანაწერი Personal Name
ჩანაწერთა რაოდენობა, რომელიც გამოყენებულია: 2
001 - CONTROL NUMBER
- control field: 22804
003 - CONTROL NUMBER IDENTIFIER
- control field: GE_BSU
005 - DATE AND TIME OF LATEST TRANSACTION
- control field: 20240711121638.0
008 - FIXED-LENGTH DATA ELEMENTS
- fixed length control field: 240711|| aca||aabn | a|a d
040 ## - CATALOGING SOURCE
- Original cataloging agency: GE_BSU
- Transcribing agency: GE_BSU
100 ## - HEADING--PERSONAL NAME
- Personal name: ძნელაძე, ლედი
670 ## - SOURCE DATA FOUND
- Source citation: Work cat.: (GE_BSU)46204: ძნელაძე, ლედი, საბიუჯეტო ურთიერთობათა სრულყოფის საკითხები ცენტრსა და რეგიონს შორის გარდამავალ პერიოდში(აჭარის ავტონომიური რესპუბლიკის მაგალითზე) :
